书目信息 |
| 题名: |
有机化学
|
|
| 作者: | 董先明 , 杨卓鸿 , 罗颖 主编 | |
| 分册: | ||
| 出版信息: | 北京 科学出版社 2017 |
|
| 页数: | 329页 | |
| 开本: | 26cm | |
| 丛书名: | ||
| 单 册: | ||
| 中图分类: | O62-43 , O62 | |
| 科图分类: | ||
| 主题词: | 有机化学--高等学校--教材 | |
| 电子资源: | ||
| ISBN: | 978-7-03-051644-2 | |
| 000 | 00884nam0 2200265 450 | |
| 001 | 3813 | |
| 005 | 20181009100144.48 | |
| 010 | @a978-7-03-051644-2@dCNY49.80 | |
| 100 | @a20170427d2017 em y0chiy50 ea | |
| 101 | 0 | @achi |
| 102 | @aCN@b110000 | |
| 105 | @aa z 000yy | |
| 200 | 1 | @a有机化学@9you ji hua xue@f董先明,杨卓鸿,罗颖主编 |
| 205 | @a4版 | |
| 210 | @a北京@c科学出版社@d2017 | |
| 215 | @a329页@c图@d26cm | |
| 330 | @a本书共15章,在保证有机化学知识系统性的基础上,分散难点,突出重点,主要介绍各类有机化合物的结构、性质及其制备方法,以及立体化学、金属有机化合物等,并对各类化合物的典型代表进行介绍。 | |
| 606 | 0 | @a有机化学@x高等学校@j教材 |
| 690 | @aO62-43@v5 | |
| 690 | @aO62@v4 | |
| 701 | 0 | @a董先明@9dong xian ming@4主编 |
| 701 | 0 | @a杨卓鸿@9yang zhuo hong@4主编 |
| 701 | 0 | @a罗颖@9Luo Ying@4主编 |
| 801 | 0 | @aCN@b91MARC@c20170427 |
| 905 | @aMuseLib@dO62@e233=4 | |
| 有机化学/董先明,杨卓鸿,罗颖主编.-4版.-北京:科学出版社,2017 |
| 329页:图;26cm |
| ISBN 978-7-03-051644-2:CNY49.80 |
| 本书共15章,在保证有机化学知识系统性的基础上,分散难点,突出重点,主要介绍各类有机化合物的结构、性质及其制备方法,以及立体化学、金属有机化合物等,并对各类化合物的典型代表进行介绍。 |
| ● |
| 相关链接 |
|
|
|
|
正题名:有机化学
索取号:O62/233=4
 
预约/预借
| 序号 | 登录号 | 条形码 | 馆藏地/架位号 | 状态 | 备注 |
| 1 | 1123829 | 211238294 | 第二样本阅览室/ [索取号:O62/233=4] | 在馆 | |
| 2 | 1123830 | 211238301 | 化学系资料室/ [索取号:O62/233=4] | 在馆 | |
| 3 | 1123831 | 211238310 | 第三借阅区/ [索取号:O62/233=4] | 在馆 |